Geography Quiz

Random Geography or Asia Quiz

Asian Country by Banknote Quiz Stats

 Plays Quiz Updated Jun 29, 2017

Support Sporcle.
Go Orange.
Score 0/49 Timer 14:00
0 Plays Today
% Correct
Iraq
86.6%
Thailand
82.1%
India
81.8%
Japan
76.7%
Russia
73.3%
South Korea
72.3%
Philippines
71.9%
Israel
66.7%
Iran
59.9%
Vietnam
58.7%
Taiwan
57.9%
Malaysia
57.8%
North Korea
57.1%
China
56.8%
Pakistan
56.7%
Singapore
51.6%
Jordan
51.5%
Nepal
51.4%
Cambodia
50.8%
Brunei
49.2%
Palestine
48.6%
Bangladesh
46.8%
Sri Lanka
46.8%
Laos
46.4%
Kazakhstan
46.3%
% Correct
Saudi Arabia
46.2%
Tajikistan
45.9%
Kyrgyzstan
45.1%
Uzbekistan
44.5%
United Arab Emirates
44.3%
Syria
43.9%
Mongolia
43.7%
Armenia
41.5%
Bhutan
41.2%
Indonesia
40.4%
Turkey
38.7%
Lebanon
38.6%
Oman
37.9%
Yemen
37.4%
Maldives
36.7%
Afghanistan
36.1%
Kuwait
35.8%
Turkmenistan
35.8%
Georgia
35.7%
Myanmar
35.5%
Qatar
34.7%
Azerbaijan
33.5%
Bahrain
32.7%
Timor-Leste
31.1%

You're not logged in!

Compare scores with friends on all Sporcle quizzes.
OR
Log In
Forgot?

From the Vault

First Five: Television

by teedslaststand

We remember our first five TVs.
Remove Ads.
Support Sporcle.
Get the best of Sporcle when you Go Orange. This ad-free experience offers more features, more stats, and more fun while also helping to support Sporcle. Thank you for becoming a member.

Show Comments

Extras

Top Quizzes Today


Score Distribution

Your Account Isn't Verified!

In order to create a playlist on Sporcle, you need to verify the email address you used during registration. Go to your Sporcle Settings to finish the process.

Report this User

Report this user for behavior that violates our Community Guidelines.

Details: